000 01358nam0a22002891 4500
001 rc\2183752
005 20250623085018.0
035 _a(NLR Aleph) 006691384
090 _a5152151
_c5152151
100 _a20110829d1978 |||y0rusy50 ca
101 0 _arus
102 _aRU
105 _ay z |||||
200 1 _aКонференция по изобретательской и патентной работе ЭССР "Патент-78" [Нарва, 12-13 сентября 1978 г.]
_eТезисы докл.
210 _aНарва
_cБ. и.
_d1978
215 _a84 с.
_d20
300 _aВ надзаг.: Эст. респ. совет ВОИР, Секция патентоведов, Эст. НИИ НТИ и техн.-экон. исслед., Всесоюз. центр пат. услуг, Тал. фил.
606 _aПатентное дело
_jТезисы докладов
_yЭССР
_2psbo
606 _aИзобретательство и рационализация
_jТезисы докладов
_yЭССР
_2psbo
710 1 2 _aКонференция по изобретательской и патентной работе ЭССР
_f1978
_eНарва
801 0 _aRU
_bNLR
_gpsbo
801 1 _aRU
_bELAR
_2rusmarc
852 _aNLR
_j78-4/28656
899 _aRuMoRGB
_jФ 1-81/14077
899 _aRuMoRGB
_jБ 78-56/670
942 _cBOOK
980 _aNB